000 01008cam a22003133a 4500
001 23382
003 PGUSA
005 20140828083511.0
008 071106s2007||||xxu|||||s|||||000 1 eng d
040 _aPGUSA
_beng
042 _adc
050 4 _aPZ
100 1 _aFenn, George Manville,
_d1831-1909
245 1 0 _aCrown and Sceptre :
_bA West Country Story
_h[electronic resource] /
_cGeorge Manville Fenn
260 _bProject Gutenberg,
_c2007
506 _aPublic domain in the USA.
516 _aElectronic text
653 _aRescues -- Juvenile fiction
653 _aSoldiers -- Juvenile fiction
653 _aFriendship -- Juvenile fiction
653 _aKings and rulers -- Juvenile fiction
653 _aAdventure and adventurers -- Juvenile fiction
653 _aVoyages and travels -- Juvenile fiction
653 _aConduct of life -- Juvenile fiction
700 1 _aNash, J.
830 0 _aProject Gutenberg
_v23382
856 4 0 _uhttp://www.gutenberg.org/ebooks/23382
942 _cEB
999 _c252637
_d252637